01937nam a22001937a 4500003001000000005001700010008004100027040001400068041001300082100002900095245004700124260004700171300001200218500010100230520113800331650002501469654001401494700023501508IT-MiCISF20230130114306.0230130b |||||||| |||| 00| 0 eng d cIT-MiCISF aitaliano aRoberto Rita (a cura di) aCoppiabSfide e risorse del vivere insieme aAlessandria,bEdizione A.I.C.C.e F.,c2017 app. 327 acoppia, coppia-in-crisi, consulenza, consultori, storia, tecniche-di-consulenza, ciclo-familiare aIn primo luogo queste pagine meritano attenzione perché raccontando la storia della consulenza familiare nel nostro Paese si racconta anche la storia della famiglia, dei servizi socio-sanitari e di welfare, e soprattutto della difficile relazione tra questi due mondi. Entrambi questi mondi sono stati raramente centrali nelle pagine dei giornali e nelle voci degli speaker radiofonici e televisivi. Attenti piuttosto alla storia dei grandi gruppi industriali, o alle vicende della politica, o dello star-system dello spettacolo, del cinema, del calcio. Di povertà, di welfare, di servizi per persone e famiglie non si è parlato molto, e anche l’attenzione alla famiglia, benché molto usata nel discorso politico retorico, è stata quasi sempre sfruttata, anziché essere raccontata. Leggendo tra le righe di queste pagine, mentre si legge la storia dei consultori e dei consulenti familiari, si può ritrovare anche la complessa vicenda del welfare del nostro Paese, e del posto (tendenzialmente marginale) che è stato riservato in esso alla famiglia, alle sua capacità di resistenza e soprattutto al suo sostegno. aconsulenza-familiare aantologia aRossi R., Bartholini G., Zurlo M.C., Rizzo L., Cesari G., Ravenna M., Feretti A., Liggeri P., Cupia L.aFanelli R., Baldo E., Guarrella E., Cairoli Moschioni G., Qualiano M., Monti C., Vella A.M., Belletti F., Guidi D., Tonizzo F.